Catálogo
 En Linea

El campo de la ingeniería electromecánica / (Registro nro. 7774)

Detalles MARC
000 -CABECERA
campo de control de longitud fija 01059nam a2200265 a 4500
001 - NÚMERO DE CONTROL
campo de control 000007997
005 - FECHA Y HORA DE LA ÚLTIMA TRANSACCIÓN
campo de control 20200929154402.0
008 - DATOS DE LONGITUD FIJA--INFORMACIÓN GENERAL
campo de control de longitud fija 090914s1986 dr 000 0 spa d
040 ## - FUENTE DE LA CATALOGACIÓN
Centro catalogador/agencia de origen DO-SdBNP
Lengua de catalogación spa
Centro/agencia transcriptor BNPHU
082 ## - NÚMERO DE LA CLASIFICACIÓN DECIMAL DEWEY
Número de clasificación 621.3
Número de documento/Ítem B622c
100 1# - ENTRADA PRINCIPAL--NOMBRE DE PERSONA
Nombre de persona Bisonó Pérez, Emilio
Fechas asociadas al nombre 1946-
9 (RLIN) 21861
245 13 - MENCIÓN DE TÍTULO
Título El campo de la ingeniería electromecánica /
Mención de responsabilidad, etc. Emilio Bisonó Pérez.
260 ## - PUBLICACIÓN, DISTRIBUCIÓN, ETC.
Lugar de publicación, distribución, etc. Santo Domingo :
Nombre del editor, distribuidor, etc. Universitaria,
Fecha de publicación, distribución, etc. 1986.
300 ## - DESCRIPCIÓN FÍSICA
Extensión 435 p. ;
Dimensiones 21 cm.
490 1# - MENCIÓN DE SERIE
Mención de serie Ciencia y tecnología;
Designación de volumen o secuencia 22
490 1# - MENCIÓN DE SERIE
Mención de serie Publicaciones de la Universidad Autónoma de Santo Domingo ;
Designación de volumen o secuencia 521
500 ## - NOTA GENERAL
Nota general Incluye datos biográficos del autor en la contracubierta
590 ## - NOTA LOCAL (RLIN)
Nota local La biblioteca posee 1 ejemplar autografiado por el autor
504 ## - NOTA DE BIBLIOGRAFÍA, ETC.
Nota de bibliografía, etc. Bibliografía : p. 427-429
590 ## - NOTA LOCAL (RLIN)
Nota local Inventariado,2018/DG
650 #4 - PUNTO DE ACCESO ADICIONAL DE MATERIA--TÉRMINO DE MATERIA
Término de materia o nombre geográfico como elemento de entrada Ingeniería eléctrica
9 (RLIN) 21862
650 #4 - PUNTO DE ACCESO ADICIONAL DE MATERIA--TÉRMINO DE MATERIA
Término de materia o nombre geográfico como elemento de entrada Ingeniería mecánica
9 (RLIN) 21863
830 #0 - PUNTO DE ACCESO ADICIONAL DE SERIE-TÍTULO UNIFORME
Título uniforme Ciencia y tecnología;
Designación de volumen o secuencia 22
Nombre de parte o sección de la obra Publicaciones de la Universidad Autónoma de Santo Domingo ;
Número de parte o sección de la obra 521
9 (RLIN) 21864
910 ## - DATOS DE OPCIÓN DEL USUARIO (OCLC)
Datos de opción del usuario Validado. Control de calidad MFF
Existencias
Estado de retiro Estado de pérdida Restricciones de uso No para préstamo Código de colección Localización permanente Ubicación/localización actual Ubicación en estantería Fecha de adquisición Número de inventario Total de préstamos Signatura topográfica completa Código de barras Fecha visto por última vez Número de copia Precio válido a partir de Tipo de ítem Koha
    Préstamo interno   Dominicana de Servicio General General Depósito 14.09.2009 LF1   621.3 B622c 7997-30 25.06.2020 e. 3 25.06.2020 Libro y Folleto Colección Dominicana de Servicio
      Excluido de préstamo Patrimonio Dominicano Patrimonio Dominicano Patrimonio Dominicano Depósito 14.09.2009 LF1   621.3 B622c 7997-10 25.06.2020   25.06.2020 Libro y Folleto Colección Patrimonio Dominicano
      Excluido de préstamo Patrimonio Dominicano Patrimonio Dominicano Patrimonio Dominicano Depósito 14.09.2009 LF1   621.3 B622c 7997-20 25.06.2020 e. 2 25.06.2020 Libro y Folleto Colección Patrimonio Dominicano

Con tecnología Koha